Izbrannyje stat´ji i reči /

Uložené v:
Podrobná bibliografia
Hlavný autor: Gottwald, Klement, 1896-1953 (Author)
Médium: Kniha
Jazyk:Russian
Czech
Vydané: Moskva : Politizdat, 1970.
ISBN: (viaz.)
Fyzický popis: 310 s.
Tagy: Pridať tag
Žiadne tagy, Buďte prvý kto otaguje tento záznam!

MARC

LEADER 00000nam a2200000 a 4500
001 000410080
005 20121113203457.0
008 120904s1970 ru rus d
020 |a (viaz.)  |c Kčs 6,00 
040 |a SVKKK  |b slo  |c SVKKK  |e AACR2 
041 1 |a rus  |h cze 
044 |a ru  |c RU 
100 1 |a Gottwald, Klement,  |d 1896-1953  |4 aut 
245 1 0 |a Izbrannyje stat´ji i reči /  |c Klement Gotval´d. 
260 |a Moskva :  |b Politizdat,  |c 1970. 
300 |a 310 s. 
910 |a svkkk 
998 |a BK 
090 |g SCKHL  |k Sklad Hlavná 10 suterén  |a I.38100  |j 440159  |i B272304  |4 Zastaraná  |s Vyradená